|
|
|
|
| LEADER |
00000nab a2200000ua 4500 |
| 001 |
vtls010776132 |
| 003 |
SK-MaSNL |
| 005 |
20260303123411.0 |
| 008 |
230214s1941 xo |||||||||||||||||slo| |
| 035 |
|
|
|a (urnnbn)urn:nbn:sk:snk:ar-a036jq
|
| 035 |
|
|
|a (uuid)60da1491-81c8-4978-a994-2c8322508b13
|
| 035 |
|
|
|a urn:nbn:sk:snk-ab53lg
|
| 040 |
|
|
|a SNKBUCL
|b slo
|c SNKBUCL
|e AACR2
|
| 041 |
0 |
|
|a slo
|
| 044 |
|
|
|a xo
|c SK
|
| 100 |
1 |
|
|a Dérer, Jozef,
|d 1887-1967
|4 aut
|9 171961
|
| 245 |
1 |
0 |
|a Glaukóm pri modrých sklérach s lomivosťou kostí a Cushingov syndrom
|c Jozef Dérer
|
| 773 |
0 |
|
|t Bratislavské lekárske listy
|g Roč. 21, č. 3 (1941), s. 80-85
|
| 954 |
|
|
|a odborná, vedecká literatúra pôvodná (slovenská)
|2 lita
|
| 958 |
|
|
|a OND
|
| 958 |
|
|
|a EUIPO
|
| 958 |
|
|
|a article3
|
| 999 |
|
|
|c 1925707
|d 1927637
|